Govt. of
Madhya Pradesh

दादा जी की अदालत, उठ जाग मुसाफिर, सुजान भगत, रंग बिरंगे पक्षी (Record no. 49989)

MARC details
000 -LEADER
fixed length control field 00656nam a22001577a 4500
003 - CONTROL NUMBER IDENTIFIER
control field MACL
005 - DATE AND TIME OF LATEST TRANSACTION
control field 20150704142920.0
008 - FIXED-LENGTH DATA ELEMENTS--GENERAL INFORMATION
fixed length control field 150704b xxu||||| |||| 00| 0 eng d
040 ## - CATALOGING SOURCE
Transcribing agency MACL
082 ## - DEWEY DECIMAL CLASSIFICATION NUMBER
Classification number 741.642
100 ## - MAIN ENTRY--PERSONAL NAME
Personal name हरदास, दत्‍तात्रय पुरूषोत्‍तम
9 (RLIN) 578
245 ## - TITLE STATEMENT
Title दादा जी की अदालत, उठ जाग मुसाफिर, सुजान भगत, रंग बिरंगे पक्षी
260 ## - PUBLICATION, DISTRIBUTION, ETC. (IMPRINT)
Place of publication, distribution, etc. प्रतापगढ
Name of publisher, distributor, etc. अंशिका प्रकाशन
Date of publication, distribution, etc. 30
650 ## - SUBJECT ADDED ENTRY--TOPICAL TERM
Topical term or geographic name as entry element चिल्‍ड्रन बुक्‍स
9 (RLIN) 343
942 ## - ADDED ENTRY ELEMENTS (KOHA)
Source of classification or shelving scheme
Koha item type Hindi Books
Holdings
Withdrawn status Lost status Source of classification or shelving scheme Damaged status Not for loan Home library Current library Date acquired Cost, normal purchase price Total Checkouts Full call number Barcode Date last seen Price effective from Koha item type
          MACL MACL 04/07/2015 30.00   741.642 CRH018519 04/07/2015 04/07/2015 Hindi Books